Soil strength and slope stability

Saved in:
Bibliografiske detaljer
Main Authors: Duncan, J. Michael (Author), Wright, Stephen G (Author)
Format: Bog
Sprog:engelsk
Udgivet: Hoboken John Wiley and Sons 2005
Udgivelse:1a. ed
Fag:
Tags: Tilføj Tag
Ingen Tags, Vær først til at tagge denne postø!

MARC

LEADER 00000nam a2200000 a 4500
001 UCH9931
003 CL-VaPUC
008 100304e20050000us |||||||||||||||||eng|d
020 |a 0471691631 
082 0 4 |a 624.151363  |b DUN  |2 21 
100 0 |a Duncan, J. Michael  |e author  |9 547240 
700 0 |a Wright, Stephen G  |e author  |9 547241 
245 1 0 |a Soil strength and slope stability 
250 |a 1a. ed 
300 |a 297 p 
942 |c BK 
945 |d 20100304 00:00:00  |a cmena 
260 |a Hoboken  |b John Wiley and Sons  |c 2005 
650 0 |a Mecánica de suelos  |9 260278 
650 0 |a Suelos  |9 260322 
650 0 |a Diseño estructural  |9 498280 
650 7 |a INGENIERIA CIVIL ESTRUCTURAL  |2 CL-VaPUC  |9 470811 
650 0 |a Propiedades del suelo  |9 350106 
650 7 |a DESECHOS SOLIDOS  |2 CL-VaPUC  |9 500500 
650 7 |a ESTABILIZACION DEL SUELO  |2 CL-VaPUC  |9 547242 
583 |a last modification  |c 20171116 02:09:39  |k Rodrigo Vera 
999 |c 339755  |d 339753 
952 |0 0  |1 0  |4 0  |6 624_151363000000000_DUN_2005  |7 0  |8 A  |9 433597  |a BIBING  |b BIBING  |d 2019-11-22  |i 4649648  |o 624.151363 DUN 2005  |p 4649648  |r 2025-01-20  |w 2019-11-22  |y BK  |k CIC 
952 |0 0  |1 0  |4 0  |6 624_151363000000000_DUN_2005  |7 0  |8 A  |9 433598  |a BIBING  |b BIBING  |d 2019-11-22  |i 4649656  |o 624.151363 DUN 2005  |p 4649656  |r 2025-01-20  |w 2019-11-22  |y BK  |k CIC